00281nam a2200109Ia 4500008004100000082001400041100001400055245003000069250000800099260002400107650004000131150201s2007 xx 000 0 und d a616bS07B aBHATIA,RS aSLECTED TOPICS:GERIATRICS a1ST bPEEPEEaDELHIc2007 aOTHER CLINICAL & NON CLINICAL BOOKS